000 01187nam a2200229Ii 4500
003 JO-AjNU
008 230605s9999||||xx |||||||||||||| ||und||
017 _a2014/2319
020 _a978-977-473-083-2
040 _aJO-AjNU
_bara
_erda
_cJO-AjNU
041 _aara
050 1 4 _aHQ799.A6 .M84 2014
100 3 _aبحوث وأوراق ملتقى "دور الشباب في التنمية البشرية"، بغداد- جمهورية العراق، ديسمبر 2013,
_eauthor
_952049
245 0 0 _aدور الشباب العربي في التنمية البشرية : بحوث وأوراق ملتقى "دور الشباب في التنمية البشرية"، بغدادجمهورية العراق، ديسمبر 2013
264 3 1 _aالقاهرة: المنظمة العربية للتنمية الادارية، 2014
300 _a378ص
_bيحتوي على ببلوغرافية من 377-378ص
336 _atext
_btxt
_2rdacontent
337 _aunmediated
_bn
_2rdamedia
338 _avolume
_bnc
_2rdacarrier
490 0 _aاعمال مؤتمرات
650 4 _aالشباب - الدول العربية - الظروف الاجتماعية - المؤتمرات
_952050
999 _aA23033
_c26601
_d26601